Resort management in Europe : case studies and learning materials

Αποθηκεύτηκε σε:
Λεπτομέρειες βιβλιογραφικής εγγραφής
Συγγραφή απο Οργανισμό/Αρχή: European Tourism University Partnership
Μορφή: Βιβλίο
Γλώσσα:English
Δημοσίευση: London : Continuum, c2000
Θέματα:
Ετικέτες: Προσθήκη ετικέτας
Δεν υπάρχουν, Καταχωρήστε ετικέτα πρώτοι!

MARC

LEADER 00000nam a2200000 i 4500
001 1/84347
008 080509s eng d
020 |a 0-8264-4712-0 (pbk.) 
035 |l 10097165 
040 |a GR-MY-UA  |b gre  |e aacr 
041 0 |a eng 
082 0 |a 647.94068  |2 (22) 
110 2 |a European Tourism University Partnership. 
245 1 0 |a Resort management in Europe :  |b case studies and learning materials /  |c European Tourism University Partnership 
260 |a London :   |b Continuum,   |c c2000 
300 |a xxi, 192 σ.;  |b σχέδια;  |c c2000 
504 |a Περιλαμβάνει ευρετήριο 
650 0 0 |a Resorts  |x Management. 
650 0 0 |a Resorts  |z Europe  |x Management  |x Case studies. 
852 |a INST  |b CHIOS  |e 20080509  |h 647.94068 EUR  |p 005200027334  |q 005200027334  |t BK  |y 0 
901 |a BIBL2-2008-2 
909 |a Χ  |b 151762 
922 |a 2ΕΛΗ  |b 200803  |c ΕΠΕΑΕΚ2/ΤΔΕ  |d ΕΛΕΥΘΕΡΟΥΔΑΚΗΣ 
970 |a ΒΑΣΙΛΑΚΗ  |b ΝΙΚΗ  |z 2008/05/09